Česlé polky dechová hudba

Bibliographic Details
Main Author: Vejvoda, Jaromír, 1902-1988 (Author)
Format: Book
Language:Undetermined
PhysicalDescription:[95 s.]
Published: Praha Supraphon 1982
Edition:1. vyd.

MARC

LEADER 00000nam a2200000 a 4500
001 vtls001486988
003 SK-MaSNL
005 20260302073750.0
008 240314s1982 xx 0 und
035 |a SNK000442280 
040 |a SNK  |b slo  |c SNK  |e AACR2 
100 1 |a Vejvoda, Jaromír,  |d 1902-1988  |4 aut  |9 63256 
245 1 0 |a Česlé polky  |b dechová hudba 
250 |a 1. vyd. 
260 |a Praha  |b Supraphon  |c 1982 
300 |a [95 s.] 
958 |a OND 
999 |c 1162272  |d 1164202 
952 |t P60, <04>, [BOOK], {604}  |a SNK  |b SNK  |y VYP  |7 0  |p 17A0454005  |o snkHIE 495 D1  |i snkKIP 6727/82  |0 0  |1 0  |4 0  |d 2004-12-13  |l 0  |r 2005-01-02 00:00:00  |w 2026-02-24